00000000nam 2200000zi 4500
0019.950418
003CaOODSP
00520250822151543
006m     o  d f      
007cr bn|||||||||
008250424t20252025onc     oz   f000 0 fre d
020 |a9780660770222
040 |aCaOODSP|bfre|erda|cCaOODSP
0410 |aeng|afre
043 |an-cn---|ae-un---
0861 |aFR4-2024/16-PDF
1300 |aAccord de Libre-Échange Canada-Ukraine |d(2023 septembre 22)
24510|aUkraine / Trade - Canada-Ukraine Free Trade Agreement = |bUkraine / Commerce - Accord de Libre-Échange Canada-Ukraine.
24611|aUkraine / Commerce - Accord de Libre-Échange Canada-Ukraine
264 1|a[Ottawa] : |bTreaty Law Division of the Department of Foreign Affairs, Trade and Development = Direction du droit des traités du Ministère des affaires étrangères, du commerce et du développement, |c[2025]
264 4|a©2025
300 |a1 ressource en ligne (506, 506 pages).
336 |atexte|btxt|2rdacontent/fre
337 |ainformatique|bc|2rdamedia/fre
338 |aressource en ligne|bcr|2rdacarrier/fre
4901 |aTreaty series = |aRecueil des traités ; |v2024/16
500 |a« Fait à Ottawa le 22 septembre 2023. En vigueur le 1er juillet 2024. »
500 |aNumérotation répétée sur les pages suppléants.
546 |aTexte en anglais et en français.
650 6|aLibre-échange|zCanada.
650 6|aLibre-échange|zUkraine.
650 6|aTarif douanier|xDroit|zCanada|vLégislation.
650 6|aTarif douanier|xDroit|zUkraine|vLégislation.
650 6|aCommerce international|xRéglementation|zCanada.
650 6|aCommerce international|xRéglementation|zUkraine.
651 6|aCanada|xRelations extérieures|vTraités.
651 6|aUkraine|xRelations extérieures|vTraités.
655 7|aTraités|2rvmgf
7101 |aCanada. |bAffaires mondiales Canada. |bDirection du droit des traités, |eorganisme de publication.
7101 |aCanada, |eparticipant à un traité.
7101 |aUkraine, |eparticipant à un traité.
788 |tUkraine / Trade - Canada-Ukraine Free Trade Agreement = |eeng|w(CaOODSP)9.950415
830#0|aCanada treaty series ;|v2024/16.|w(CaOODSP)9.811738
85640|qPDF|s5.52 Mo|uhttps://publications.gc.ca/collections/collection_2025/amc-gac/FR4-2024-16.pdf